000 002880000a22000970004500
100 1 _aViberg, Ake
245 1 0 _aWakening a sleeping metaphor : A new interpretation of Malachi 1:11
300 _aVol. 2, Num. 45 (Noviembre, 1994), Páginas 297-320
773 0 _tTyndale Bulletin
942 _cANA
999 _c56718
_d56718